| 000 | 00619nam a2200205 a 4500 | ||
|---|---|---|---|
| 001 | BRCA_6373 | ||
| 005 | 20190320205430.0 | ||
| 008 | 260811s1921----gw-#######---#000-0#ger-# | ||
| 041 | _ager | ||
| 044 | _agw | ||
| 050 | 4 |
_aCT275 _b.C3 A35 _c1921 |
|
| 100 | 1 |
_aCarnegie, Andrew _d1835-1919. _915961 |
|
| 245 | 1 | 0 |
_aGeschichte meines Lebens _cAndrew Carnegie; Berechtigte deutsche ausgabe bearbeitet von professor dr. Johannes Werner. |
| 260 |
_aLeipzig _bK.F. Koehler _c1921 |
||
| 300 |
_axii, 228 p. _c23 cm. |
||
| 500 | _aK151 | ||
| 700 | 1 |
_aWerner, Johannes _f1864-1937 _eed. _915962 |
|
| 902 | _aGFM | ||
| 942 |
_2lcc _cB |
||
| 999 |
_c6059 _d6059 |
||